[Event "Timbo op 3rd"]
[Site "Timbo"]
[Date "2023.11.04"]
[Round "3"]
[White "Hessmann, Eduardo Franzoni"]
[Black "Ramos, Rafael Cabreira"]
[Result "1-0"]
[WhiteElo "1537"]
[BlackElo "1302"]
[PlyCount "115"]
[EventDate "2023.11.03"]
[EventType "swiss"]
[EventRounds "6"]
[EventCountry "BRA"]
[SourceTitle "CB49_2023"]
[SourceDate "2023.12.06"]
[SourceVersion "1"]
[SourceVersionDate "2023.12.06"]
[SourceQuality "1"]

1. e4 e5 2. Nf3 Nc6 3. Bc4 Nf6 4. d3 Bc5 5. 0-0 d6 6. c3 Bb6 7. h3 Be6 8. Bb5 0-0 9. Re1 Bd7 10. Nbd2 a6 11. Ba4 Ne7 12. Bxd7 Qxd7 13. d4 Ng6 14. Nc4 Rfe8 15. Nxb6 cxb6 16. Bg5 Qe6 17. d5 Qe7 18. Nh4 h6 19. Nf5 Qd8 20. Bxf6 Qxf6 21. Re3 Ne7 22. Rf3 Nxf5 23. Rxf5 Qe7 24. Qg4 Rac8 25. Re1 Kh7 26. Rf3 Rf8 27. Ree3 Rcd8 28. h4 Qd7 29. Qg3 Qa4 30. h5 g5 31. Rf6 Qd1+ 32. Kh2 Qxh5+ 33. Qh3 Qxh3+ 34. Rxh3 Kg7 35. Rfxh6 Rh8 36. Rxh8 Rxh8 37. Rxh8 Kxh8 38. Kg3 Kg7 39. Kg4 Kg6 40. c4 f6 41. b3 Kg7 42. Kf5 Kf7 43. g4 b5 44. cxb5 axb5 45. b4 b6 46. a3 Ke7 47. Kg6 f5 48. gxf5 g4 49. Kg7 g3 50. f6+ Ke8 51. f7+ Kd7 52. fxg3 Kc7 53. f8Q Kb7 54. Qd8 Ka7 55. Kf7 Kb7 56. Ke7 Ka7 57. Kd7 Ka6 58. Qa8# 1-0

[Event "Timbo op 3rd"]
[Site "Timbo"]
[Date "2023.11.04"]
[Round "4"]
[White "Ramos, Rafael Cabreira"]
[Black "Rassweiler, Erick Matheus"]
[Result "1-0"]
[WhiteElo "1302"]
[BlackElo "1084"]
[PlyCount "33"]
[EventDate "2023.11.03"]
[EventType "swiss"]
[EventRounds "6"]
[EventCountry "BRA"]
[SourceTitle "CB49_2023"]
[SourceDate "2023.12.06"]
[SourceVersion "1"]
[SourceVersionDate "2023.12.06"]
[SourceQuality "1"]

1. e4 c5 2. Nf3 e6 3. Nc3 a6 4. d4 cxd4 5. Nxd4 Qc7 6. Be3 Nf6 7. f3 Bb4 8. Qd2 b5 9. a3 Bc5 10. 0-0-0 d6 11. Ndxb5 axb5 12. Nxb5 Qb6 13. Nxd6+ Kf8 14. Nxc8 Bxe3 15. Nxb6 Bxd2+ 16. Rxd2 Ra5 17. Rd8+ 1-0

[Event "Pan American-ch U1700"]
[Site "Timbo"]
[Date "2021.12.01"]
[Round "2"]
[White "Goncalves, Yuri Nikollas"]
[Black "Ramos, Rafael Cabreira"]
[Result "0-1"]
[WhiteElo "1355"]
[BlackElo "1748"]
[PlyCount "80"]
[EventDate "2021.12.01"]
[EventType "swiss"]
[EventRounds "9"]
[EventCountry "BRA"]
[SourceTitle "CBM 205 Extra"]
[Source "ChessBase"]
[SourceDate "2022.01.31"]
[SourceVersion "1"]
[SourceVersionDate "2022.01.31"]
[SourceQuality "1"]

1. e4 e5 2. Nf3 Nc6 3. Bc4 Bc5 4. d3 Nf6 5. h3 0-0 6. 0-0 d6 7. c3 a6 8. Bb3 Be6 9. Bc2 Qd7 10. Ng5 h6 11. Nxe6 fxe6 12. Nd2 Qe7 13. Nf3 Nd7 14. d4 exd4 15. cxd4 Ba7 16. a3 Rf7 17. b4 Raf8 18. Bb3 Rxf3 19. gxf3 Nxd4 20. Bc4 Rxf3 21. Kg2 Qf6 22. Be3 Qg6+ 23. Kh2 Qxe4 24. Bd3 Qd5 25. Rc1 Qh5 26. Rh1 Ne5 27. Kg2 Nxd3 28. Bxd4 Bxd4 29. Qxf3 Qxf3+ 30. Kxf3 Nxc1 31. Rxc1 c6 32. Rc2 Kf7 33. h4 c5 34. Ke4 b6 35. f4 d5+ 36. Kd3 Kf6 37. a4 a5 38. Rxc5 bxc5 39. b5 e5 40. b6 c4+ 0-1